[Event "Paleochora op 12th"]
[Site "Paleochora"]
[Date "2019.07.16"]
[Round "5"]
[White "Simeonidis, Ioannis"]
[Black "Mitsis, Georgios"]
[Result "1/2-1/2"]
[WhiteElo "2192"]
[BlackElo "2399"]
[PlyCount "57"]
[EventDate "2019.07.13"]
[EventType "swiss"]
[EventRounds "9"]
[EventCountry "GRE"]
[SourceTitle "EXT 2020"]
[Source "ChessBase"]
[SourceDate "2019.10.17"]
[SourceVersion "1"]
[SourceVersionDate "2019.10.17"]
[SourceQuality "1"]

1. Nf3 c5 2. g3 Nc6 3. Bg2 g6 4. d4 cxd4 5. Nxd4 Bg7 6. Nxc6 bxc6 7. Nd2 Nf6 8. 0-0 0-0 9. Nb3 Qc7 10. Bd2 d6 11. Ba5 Qb7 12. Bc3 Bd7 13. e4 Ng4 14. Bxg7 Kxg7 15. Qd4+ Kg8 16. h3 c5 17. Qc3 Ne5 18. Nxc5 Qc8 19. Nxd7 Qxc3 20. bxc3 Nxd7 21. e5 Rab8 22. exd6 exd6 23. Rfd1 Rb6 24. Rd4 Nc5 25. Bd5 Re8 26. Kf1 Kf8 27. Rad1 Rb2 28. R1d2 a5 29. Kg2 1/2-1/2

[Event "Chania Krommydakis 4th"]
[Site "Chania"]
[Date "2018.08.11"]
[Round "4"]
[White "Patrelakis, Evaggelos"]
[Black "Simeonidis, Ioannis"]
[Result "1/2-1/2"]
[WhiteElo "2235"]
[BlackElo "2197"]
[PlyCount "92"]
[EventDate "2018.08.09"]
[EventType "tourn"]
[EventRounds "9"]
[EventCountry "GRE"]
[SourceTitle "CBM 186 Extra"]
[Source "ChessBase"]
[SourceDate "2018.08.24"]
[SourceVersion "1"]
[SourceVersionDate "2018.08.24"]
[SourceQuality "1"]

1. e4 c6 2. d4 d5 3. Nc3 dxe4 4. Nxe4 Nd7 5. Ng5 e6 6. Bd3 Ngf6 7. N1f3 Bd6 8. 0-0 h6 9. Ne4 Nxe4 10. Bxe4 Qc7 11. Re1 0-0 12. c3 b6 13. Qe2 Bb7 14. h3 Rad8 15. Bc2 c5 16. dxc5 Nxc5 17. Nd4 Rfe8 18. b4 Nd7 19. Bb2 a6 20. Bd3 Ra8 21. Rad1 Nf6 22. a3 a5 23. Qc2 Rac8 24. bxa5 bxa5 25. c4 Red8 26. Qb3 Bc5 27. Nb5 Qf4 28. Qc2 Ne4 29. Bxe4 Rxd1 30. Bh7+ Kh8 31. Rxd1 Qg3 32. Be4 Bxe4 33. Bxg7+ Kxg7 34. Qxe4 Qxf2+ 35. Kh1 Rd8 36. Qe5+ Kg6 37. Qa1 Rxd1+ 38. Qxd1 h5 39. a4 Qe3 40. Nc7 Qf4 41. Na6 Bd6 42. Kg1 Qh2+ 43. Kf2 Bg3+ 44. Kf3 Be5 45. Qd3+ f5 46. Kf2 Qf4+ 1/2-1/2

[Event "GRE-chT 43rd"]
[Site "Porto Rio"]
[Date "2015.10.12"]
[Round "7.4"]
[White "Malikentzos, Sotirios"]
[Black "Simeonidis, Ioannis"]
[Result "1/2-1/2"]
[WhiteElo "2417"]
[BlackElo "2223"]
[PlyCount "68"]
[EventDate "2015.10.08"]
[EventType "team-swiss"]
[EventRounds "7"]
[EventCountry "GRE"]
[SourceTitle "CBM 168 Extra"]
[Source "ChessBase"]
[SourceDate "2015.10.29"]
[SourceVersion "1"]
[SourceVersionDate "2015.10.29"]
[SourceQuality "1"]
[WhiteTeam "Thessaloniki"]
[BlackTeam "OFI"]
[WhiteTeamCountry "GRE"]
[BlackTeamCountry "GRE"]

1. Nf3 d5 2. g3 Bg4 3. Bg2 c6 4. c4 e6 5. 0-0 Nf6 6. d3 Be7 7. Be3 dxc4 8. dxc4 Qxd1 9. Rxd1 Nbd7 10. Nc3 e5 11. Rac1 0-0 12. Ng5 Rfd8 13. h3 Bh5 14. Nf3 Ne8 15. Rc2 f6 16. Rcd2 Nb6 17. Bxb6 axb6 18. Rd7 Kf8 19. g4 Bf7 20. Rxb7 Rxd1+ 21. Nxd1 Rxa2 22. Kh2 Bxc4 23. Rxb6 Bxe2 24. Nc3 Ra6 25. Rb7 Bd3 26. Nh4 Nd6 27. Rc7 e4 28. f4 Ke8 29. Nf5 Nxf5 30. gxf5 Bd6 31. Rxg7 Bxf4+ 32. Kg1 Be3+ 33. Kh2 Bf4+ 34. Kg1 Be3+ 1/2-1/2

[Event "Nikaia op 23rd"]
[Site "Nikaia"]
[Date "2015.08.28"]
[Round "2"]
[White "Hadzopoulos, Antonios"]
[Black "Simeonidis, Ioannis"]
[Result "0-1"]
[WhiteElo "1953"]
[BlackElo "2266"]
[PlyCount "96"]
[EventDate "2015.08.26"]
[EventType "swiss"]
[EventRounds "9"]
[EventCountry "GRE"]
[SourceTitle "EXT 2016"]
[Source "ChessBase"]
[SourceDate "2015.10.08"]
[SourceVersion "1"]
[SourceVersionDate "2015.10.08"]
[SourceQuality "1"]

1. e4 c6 2. d4 d5 3. e5 Bf5 4. Nf3 e6 5. c4 Ne7 6. Nc3 Nd7 7. Bg5 h6 8. Be3 dxc4 9. Bxc4 Nb6 10. Bb3 Bh7 11. 0-0 Nf5 12. Qe2 Be7 13. Rad1 0-0 14. Bc1 Nd5 15. Nxd5 cxd5 16. a3 Qb6 17. Bc2 Rac8 18. Bb1 Rc4 19. Qd3 Bg6 20. Qd2 Nxd4 21. Nxd4 Bxb1 22. b3 Rc7 23. Qb2 Be4 24. Be3 Qa5 25. b4 Qa4 26. Rc1 Rfc8 27. Rxc7 Rxc7 28. Rc1 Rxc1+ 29. Qxc1 Qd7 30. f3 Bd3 31. Qc3 Bc4 32. Kf2 Bh4+ 33. g3 Bd8 34. f4 Qa4 35. Nc2 a5 36. Bc5 axb4 37. Bxb4 Bb6+ 38. Kf3 Ba6 39. g4 Qb5 40. Kg3 Qd3+ 41. Qxd3 Bxd3 42. Na1 Bc4 43. Kf3 f6 44. Bd6 Kf7 45. Nc2 g5 46. Ne3 Bd3 47. Bb4 Be4+ 48. Ke2 gxf4 0-1

[Event "Anogia op 3rd"]
[Site "Anogia"]
[Date "2014.07.31"]
[Round "2"]
[White "Eleftherakis, Stavros"]
[Black "Simeonidis, Ioannis"]
[Result "0-1"]
[WhiteElo "1906"]
[BlackElo "2234"]
[PlyCount "102"]
[EventDate "2014.07.30"]
[EventType "swiss"]
[EventRounds "9"]
[EventCountry "GRE"]
[SourceTitle "CBM 161 Extra"]
[Source "ChessBase"]
[SourceDate "2014.08.29"]
[SourceVersion "1"]
[SourceVersionDate "2014.08.29"]
[SourceQuality "1"]

1. e4 d6 2. d4 Nf6 3. Nc3 e5 4. dxe5 dxe5 5. Qxd8+ Kxd8 6. Bc4 Ke8 7. f3 c6 8. Be3 Nbd7 9. a4 Bc5 10. Bxc5 Nxc5 11. b4 Be6 12. Bxe6 Nxe6 13. Nge2 a5 14. b5 Nd7 15. 0-0 Kd8 16. Rfd1 Kc7 17. Rab1 Rhd8 18. Kf2 Nb6 19. Ke1 Nc5 20. Ra1 Nc4 21. Kf2 Rxd1 22. Rxd1 Rd8 23. Rxd8 Kxd8 24. bxc6 bxc6 25. Nc1 Nb2 26. Nb3 Nxb3 27. cxb3 Nd3+ 28. Ke3 Nc5 29. Nb1 Nxb3 30. Na3 f6 31. Nc4 Kc7 32. Ke2 Nc5 33. Nb2 Kb6 34. Kd2 Nd7 35. Kc3 Kc5 36. Nc4 Nb6 37. Nb2 Kd6 38. Kd3 Ke6 39. Kd2 f5 40. Kd3 f4 41. Kd2 g5 42. Kd3 h5 43. h3 Kd6 44. Kc3 c5 45. Kb3 c4+ 46. Nxc4+ Nxc4 47. Kxc4 Kc6 48. Kb3 Kc5 49. Kc3 h4 50. Kb3 Kd4 51. Kb2 Kc4 0-1

[Event "GRE-chT 42nd"]
[Site "Porto Rio"]
[Date "2014.07.01"]
[Round "5.3"]
[White "Lirindzakis, Timotheos"]
[Black "Simeonidis, Ioannis"]
[Result "1/2-1/2"]
[WhiteElo "2271"]
[BlackElo "2234"]
[PlyCount "68"]
[EventDate "2014.06.28"]
[EventType "team-swiss"]
[EventRounds "7"]
[EventCountry "GRE"]
[SourceTitle "EXT 2015"]
[Source "ChessBase"]
[SourceDate "2014.11.20"]
[SourceVersion "1"]
[SourceVersionDate "2014.11.20"]
[SourceQuality "1"]
[WhiteTeam "Saint Nicholas Lato"]
[BlackTeam "Florinas OP"]
[WhiteTeamCountry "GRE"]
[BlackTeamCountry "GRE"]

1. d4 Nf6 2. c4 b6 3. Nc3 Bb7 4. d5 e6 5. a3 Bd6 6. Nf3 0-0 7. g3 c6 8. Bg2 Re8 9. 0-0 Bf8 10. e4 exd5 11. exd5 c5 12. b3 d6 13. Bb2 a6 14. Qd2 Nbd7 15. Rfe1 Qc7 16. Bh3 h6 17. Qd3 Re7 18. Rxe7 Bxe7 19. Re1 Qd8 20. Re3 Nh7 21. Ne4 Ndf6 22. Ned2 Bc8 23. Bxc8 Rxc8 24. Qe2 Bf8 25. h3 Qd7 26. Kg2 Re8 27. Rxe8 Qxe8 28. Qxe8 Nxe8 29. Ne4 Be7 30. Nfd2 Nhf6 31. Kf3 Nxe4 32. Nxe4 f5 33. Nd2 Bf6 34. Bxf6 Nxf6 1/2-1/2

[Event "GRE-chT 42nd"]
[Site "Porto Rio"]
[Date "2014.06.29"]
[Round "3.3"]
[White "Simeonidis, Ioannis"]
[Black "Alexakis, Dimitrios"]
[Result "1/2-1/2"]
[WhiteElo "2234"]
[BlackElo "2211"]
[PlyCount "61"]
[EventDate "2014.06.28"]
[EventType "team-swiss"]
[EventRounds "7"]
[EventCountry "GRE"]
[SourceTitle "CBM 161 Extra"]
[Source "ChessBase"]
[SourceDate "2014.08.29"]
[SourceVersion "1"]
[SourceVersionDate "2014.08.29"]
[SourceQuality "1"]
[WhiteTeam "Florinas OP"]
[BlackTeam "Peiraikos PG"]
[WhiteTeamCountry "GRE"]
[BlackTeamCountry "GRE"]

1. Nf3 d6 2. d4 f5 3. Nc3 Nf6 4. Bg5 c6 5. e3 Qb6 6. Rb1 Nbd7 7. Bd3 g6 8. 0-0 Bg7 9. e4 fxe4 10. Nxe4 0-0 11. Re1 Nxe4 12. Rxe4 Nf6 13. Rxe7 Bg4 14. c3 Nd5 15. Re4 Bxf3 16. gxf3 Rf7 17. Qe2 Raf8 18. Re8 Rxf3 19. Rxf8+ Rxf8 20. Qe6+ Kh8 21. Qxd6 Qa5 22. a3 Nxc3 23. bxc3 Qxg5+ 24. Qg3 Qe7 25. Qe3 Qxa3 26. Be4 Qe7 27. Bg2 Qxe3 28. fxe3 Rf7 29. e4 Bh6 30. e5 Kg7 31. Be4 1/2-1/2

[Event "Isthmia op 3rd"]
[Site "Vrachati"]
[Date "2013.08.21"]
[Round "5"]
[White "Simeonidis, Ioannis"]
[Black "Grapsa, Georgia"]
[Result "1/2-1/2"]
[WhiteElo "2226"]
[BlackElo "1992"]
[PlyCount "25"]
[EventDate "2013.08.18"]
[EventType "swiss"]
[EventRounds "9"]
[EventCountry "GRE"]
[SourceTitle "CBM 156 Extra"]
[Source "ChessBase"]
[SourceDate "2013.10.22"]
[SourceVersion "1"]
[SourceVersionDate "2013.10.22"]
[SourceQuality "1"]

1. g3 Nf6 2. Bg2 c5 3. Nf3 Nc6 4. 0-0 g6 5. c3 d5 6. d3 Bg7 7. Nbd2 d4 8. cxd4 cxd4 9. Nc4 0-0 10. Bd2 Be6 11. Qb3 Qd7 12. Rfc1 Bd5 13. Qa3 1/2-1/2

[Event "Rethymno op 5th"]
[Site "Rethymno"]
[Date "2013.08.04"]
[Round "9"]
[White "Georgiadis, Ioannis"]
[Black "Simeonidis, Ioannis"]
[Result "1/2-1/2"]
[WhiteElo "2449"]
[BlackElo "2238"]
[PlyCount "90"]
[EventDate "2013.07.28"]
[EventType "swiss"]
[EventRounds "9"]
[EventCountry "GRE"]
[SourceTitle "CBM 155 Extra"]
[Source "ChessBase"]
[SourceDate "2013.08.26"]
[SourceVersion "1"]
[SourceVersionDate "2013.08.26"]
[SourceQuality "1"]

1. Nf3 Nf6 2. c4 g6 3. Nc3 Bg7 4. e4 d6 5. d4 0-0 6. h3 e5 7. d5 a5 8. Bg5 Na6 9. Be2 Qe8 10. g4 Kh8 11. Nd2 Ng8 12. h4 f5 13. gxf5 gxf5 14. exf5 Bxf5 15. Nde4 Nf6 16. Ng3 Qd7 17. Rg1 Nb4 18. Rc1 e4 19. Be3 Rae8 20. Qa4 Qxa4 21. Nxa4 Bd7 22. Nc3 Ng4 23. Nh5 Nxe3 24. fxe3 Bh6 25. Kd2 Nd3 26. Rcf1 Bh3 27. Rf6 Rxf6 28. Nxf6 Rf8 29. Nfxe4 Ne5 30. Ng5 Bd7 31. Nce4 Ng6 32. Bh5 Ne5 33. b3 Bf5 34. Ng3 Bg6 35. Be2 Rf2 36. Rf1 Rxf1 37. Nxf1 Bxg5 38. hxg5 Nf7 39. Ng3 Nxg5 40. Kc3 Kg7 41. Kd4 b6 42. a3 Nf7 43. b4 axb4 44. axb4 Ne5 45. Bh5 Bd3 1/2-1/2

[Event "Anogia op 2nd"]
[Site "Anogia"]
[Date "2013.07.16"]
[Round "8"]
[White "Simeonidis, Ioannis"]
[Black "Sienczewski, Zbigniew"]
[Result "1/2-1/2"]
[WhiteElo "2238"]
[BlackElo "2075"]
[PlyCount "56"]
[EventDate "2013.07.10"]
[EventType "swiss"]
[EventRounds "9"]
[EventCountry "GRE"]
[SourceTitle "CBM 155 Extra"]
[Source "ChessBase"]
[SourceDate "2013.08.26"]
[SourceVersion "1"]
[SourceVersionDate "2013.08.26"]
[SourceQuality "1"]

1. Nf3 g6 2. d4 c5 3. c3 Nf6 4. dxc5 Bg7 5. b4 a5 6. Bb2 b6 7. cxb6 Bb7 8. e3 Nd5 9. b5 a4 10. a3 0-0 11. Be2 Qxb6 12. 0-0 d6 13. Ra2 Nd7 14. c4 N5f6 15. Bd4 Nc5 16. Nfd2 Rfc8 17. Bf3 Qa5 18. Nc3 Bxf3 19. Qxf3 Nb3 20. Ncb1 Nxd4 21. exd4 Qa7 22. Qd3 Nd7 23. Nf3 e5 24. dxe5 dxe5 25. Rc2 Nc5 26. Qe3 Nb3 27. b6 Qb7 28. c5 Ra5 1/2-1/2

[Event "Anogia op 2nd"]
[Site "Anogia"]
[Date "2013.07.14"]
[Round "6"]
[White "Milonakis, Georgios"]
[Black "Simeonidis, Ioannis"]
[Result "1/2-1/2"]
[WhiteElo "2213"]
[BlackElo "2238"]
[PlyCount "129"]
[EventDate "2013.07.10"]
[EventType "swiss"]
[EventRounds "9"]
[EventCountry "GRE"]
[SourceTitle "CBM 155 Extra"]
[Source "ChessBase"]
[SourceDate "2013.08.26"]
[SourceVersion "1"]
[SourceVersionDate "2013.08.26"]
[SourceQuality "1"]

1. e4 d5 2. exd5 Qxd5 3. Nc3 Qa5 4. d4 Nf6 5. Nf3 Bf5 6. Bb5+ c6 7. Bc4 e6 8. Bd2 Nbd7 9. 0-0 Qc7 10. Re1 Bd6 11. h3 h6 12. Bb3 0-0 13. Qe2 Rad8 14. Rad1 a6 15. Ne5 c5 16. Nxd7 Rxd7 17. Be3 Rfd8 18. dxc5 Bxc5 19. Bxc5 Qxc5 20. Rxd7 Rxd7 21. Qe3 Qxe3 22. Rxe3 Rd2 23. Re2 Rd6 24. Kf1 Kf8 25. Ke1 Ke7 26. Rd2 Nd7 27. Rxd6 Kxd6 28. Kd2 Nc5 29. Bc4 Ke5 30. Be2 Ne4+ 31. Nxe4 Bxe4 32. Bf1 g5 33. c4 Kd4 34. b4 b6 35. g3 a5 36. a3 axb4 37. axb4 f5 38. f4 gxf4 39. gxf4 Bb1 40. c5 bxc5 41. bxc5 Be4 42. Ba6 Bd5 43. Bc8 Kxc5 44. Ke3 Kc4 45. Bd7 Kc3 46. h4 Kc2 47. Bc8 Kc3 48. Ba6 Bc4 49. Bc8 Bb3 50. Bd7 Bd5 51. Bc8 Kc4 52. Bd7 Kc5 53. Bc8 Ba2 54. Bb7 Bc4 55. Bf3 Bd5 56. Be2 Be4 57. Ba6 Bc6 58. Bd3 Bg2 59. Ba6 Bc6 60. Bd3 Kd5 61. Bb1 Bb5 62. Ba2+ Bc4 63. Bb1 Kc5 64. Bc2 Bd5 65. Bd3 1/2-1/2

[Event "GRE-chT 41st"]
[Site "Achaia"]
[Date "2013.07.02"]
[Round "1.3"]
[White "Simeonidis, Ioannis"]
[Black "Georgiadis, Ioannis"]
[Result "0-1"]
[WhiteElo "2238"]
[BlackElo "2449"]
[PlyCount "102"]
[EventDate "2013.07.02"]
[EventType "team-swiss"]
[EventRounds "7"]
[EventCountry "GRE"]
[SourceTitle "CBM 155 Extra"]
[Source "ChessBase"]
[SourceDate "2013.08.26"]
[SourceVersion "1"]
[SourceVersionDate "2013.08.26"]
[SourceQuality "1"]
[WhiteTeam "Florinas OP"]
[BlackTeam "Nice Fysiolatris"]
[WhiteTeamCountry "GRE"]
[BlackTeamCountry "GRE"]

1. g3 e5 2. c4 Nf6 3. Bg2 d5 4. cxd5 Nxd5 5. Nf3 Nc6 6. 0-0 Be7 7. d4 e4 8. Ne5 f5 9. Nxc6 bxc6 10. Nd2 0-0 11. Nc4 Bf6 12. Qa4 Qe8 13. e3 c5 14. Qa5 Qc6 15. Ne5 Qb6 16. Qa4 cxd4 17. exd4 Rd8 18. Bd2 Qxb2 19. Ba5 Bxe5 20. dxe5 Qxe5 21. f3 Bd7 22. Qc4 Be6 23. Qc5 Rab8 24. fxe4 fxe4 25. Rae1 e3 26. Bd2 Qd6 27. Bxe3 Nxe3 28. Qxe3 Bxa2 29. Qxa7 Qb6+ 30. Qxb6 cxb6 31. Ra1 Bc4 32. Rfb1 b5 33. Bf1 Bxf1 34. Kxf1 Rd2 35. Ra5 b4 36. Rb3 h6 37. Ra4 Rc8 38. Rb1 Rxh2 39. Kg1 Rcc2 40. Rb3 Rhd2 41. Ra1 Rc3 42. Rab1 Rxb3 43. Rxb3 Rd4 44. Kf2 Kf7 45. Rf3+ Ke6 46. Rf8 Kd5 47. Ke3 Rg4 48. Kf3 Rg5 49. Rc8 Kd4 50. Rc7 b3 51. g4 Rb5 0-1

[Event "EU-ch 14th"]
[Site "Legnica"]
[Date "2013.05.11"]
[Round "7"]
[White "Skytte, Rasmus"]
[Black "Simeonidis, Ioannis"]
[Result "1-0"]
[WhiteElo "2426"]
[BlackElo "2237"]
[PlyCount "55"]
[EventDate "2013.05.05"]
[EventType "swiss"]
[EventRounds "11"]
[EventCountry "POL"]
[SourceTitle "CBM 155"]
[Source "ChessBase"]
[SourceDate "2013.07.16"]
[SourceVersion "1"]
[SourceVersionDate "2013.07.16"]
[SourceQuality "1"]

1. e4 c6 2. d4 d5 3. Nd2 dxe4 4. Nxe4 Bf5 5. Ng3 Bg6 6. h4 h6 7. Nh3 e6 8. Nf4 Bh7 9. Bc4 Nf6 10. 0-0 Bd6 11. Re1 0-0 12. Ngh5 Nbd7 13. Nxe6 fxe6 14. Rxe6 Kh8 15. Rxd6 Nxh5 16. Qxh5 Qc7 17. Re6 Nf6 18. Qe5 Qb6 19. Bxh6 Qxb2 20. Bxg7+ Kxg7 21. Re7+ Kh8 22. Bf7 Qxa1+ 23. Kh2 Kg7 24. Qg5+ Bg6 25. Qxg6+ Kh8 26. Qxf6+ Kh7 27. Bg6+ Kg8 28. Qg7# 1-0

[Event "EU-ch 14th"]
[Site "Legnica"]
[Date "2013.05.10"]
[Round "6"]
[White "Simeonidis, Ioannis"]
[Black "Diermair, Andreas"]
[Result "1/2-1/2"]
[WhiteElo "2237"]
[BlackElo "2431"]
[PlyCount "52"]
[EventDate "2013.05.05"]
[EventType "swiss"]
[EventRounds "11"]
[EventCountry "POL"]
[SourceTitle "CBM 155"]
[Source "ChessBase"]
[SourceDate "2013.07.16"]
[SourceVersion "1"]
[SourceVersionDate "2013.07.16"]
[SourceQuality "1"]

1. e4 c6 2. Nf3 d5 3. Nc3 a6 4. d4 Bg4 5. h3 Bh5 6. Be2 e6 7. Ne5 Bxe2 8. Qxe2 Nf6 9. 0-0 Be7 10. Bf4 0-0 11. Rad1 Nbd7 12. Rfe1 Bb4 13. Bg5 Qa5 14. Nxd7 Nxd7 15. Bd2 Bxc3 16. Bxc3 Qb6 17. e5 Rac8 18. Qg4 c5 19. Re3 cxd4 20. Bxd4 Qa5 21. Ra3 Qc7 22. Rc3 Qa5 23. Ra3 Qc7 24. Rc3 Qa5 25. Ra3 Qc7 26. Rc3 Qa5 1/2-1/2

[Event "EU-ch 14th"]
[Site "Legnica"]
[Date "2013.05.09"]
[Round "5"]
[White "Bluebaum, Matthias"]
[Black "Simeonidis, Ioannis"]
[Result "1-0"]
[WhiteElo "2511"]
[BlackElo "2237"]
[PlyCount "61"]
[EventDate "2013.05.05"]
[EventType "swiss"]
[EventRounds "11"]
[EventCountry "POL"]
[SourceTitle "CBM 155"]
[Source "ChessBase"]
[SourceDate "2013.07.16"]
[SourceVersion "1"]
[SourceVersionDate "2013.07.16"]
[SourceQuality "1"]

1. d4 Nf6 2. c4 g6 3. Nc3 Bg7 4. e4 d6 5. Be2 0-0 6. Bg5 Nbd7 7. Qd2 c6 8. Nf3 e5 9. 0-0 Re8 10. d5 Nc5 11. Qc2 h6 12. Be3 Ng4 13. Bxc5 dxc5 14. Rad1 cxd5 15. Rxd5 Qc7 16. Rfd1 Be6 17. R5d2 Nf6 18. Nb5 Qa5 19. Nxe5 Nxe4 20. Qxe4 Bf5 21. Qxb7 Bxe5 22. Bf1 Be4 23. Qd7 Bf4 24. Nd6 Bxd6 25. Qxd6 Re6 26. Qg3 Qxa2 27. Qc7 Qb3 28. Qxc5 a5 29. Rd8+ Rxd8 30. Rxd8+ Kg7 31. Qd4+ 1-0

[Event "Kavala op 20th"]
[Site "Kavala"]
[Date "2011.08.06"]
[Round "9"]
[White "Charkhalashvili, Inga"]
[Black "Simeonidis, Ioannis"]
[Result "1/2-1/2"]
[WhiteElo "2355"]
[BlackElo "2244"]
[PlyCount "51"]
[EventDate "2011.07.30"]
[EventType "swiss"]
[EventRounds "9"]
[EventCountry "GRE"]
[SourceTitle "CBM 143 Extra"]
[Source "ChessBase"]
[SourceDate "2011.08.29"]
[SourceVersion "1"]
[SourceVersionDate "2011.08.29"]
[SourceQuality "1"]

1. d4 g6 2. c4 Nf6 3. Nc3 d5 4. Bf4 Bg7 5. e3 c5 6. Nf3 0-0 7. Be2 cxd4 8. exd4 dxc4 9. Bxc4 Nbd7 10. 0-0 Nb6 11. Bb3 Nbd5 12. Be5 b6 13. Re1 Bb7 14. Qe2 Rc8 15. Nxd5 Bxd5 16. Bxd5 Qxd5 17. Qa6 Qd7 18. Rac1 Rfd8 19. Bf4 Nd5 20. Bd2 Rc7 21. Rxc7 Qxc7 22. Rc1 Qb8 23. h3 Nc7 24. Qc4 Nd5 25. Qa6 Nc7 26. Qc4 1/2-1/2

[Event "Kavala op 20th"]
[Site "Kavala"]
[Date "2011.08.01"]
[Round "4"]
[White "Mastrovasilis, Athanasios"]
[Black "Simeonidis, Ioannis"]
[Result "1/2-1/2"]
[WhiteElo "2537"]
[BlackElo "2244"]
[PlyCount "39"]
[EventDate "2011.07.30"]
[EventType "swiss"]
[EventRounds "9"]
[EventCountry "GRE"]
[SourceTitle "CBM 143 Extra"]
[Source "ChessBase"]
[SourceDate "2011.08.29"]
[SourceVersion "1"]
[SourceVersionDate "2011.08.29"]
[SourceQuality "1"]

1. Nf3 d5 2. c4 c6 3. e3 Nf6 4. Nc3 e6 5. b3 Bd6 6. Bb2 0-0 7. Be2 e5 8. d4 e4 9. Nd2 Re8 10. g4 Bb4 11. a3 Bxc3 12. Bxc3 Nfd7 13. h4 f5 14. gxf5 Nf6 15. Nf1 Bxf5 16. Ng3 Qd7 17. Rg1 Bh3 18. Qc2 Qe6 19. 0-0-0 Nbd7 20. Kb1 1/2-1/2

[Event "GRE CupT final"]
[Site "Eretria"]
[Date "2011.06.30"]
[Round "1"]
[White "Antic, Dejan"]
[Black "Simeonidis, Ioannis"]
[Result "1-0"]
[WhiteElo "2486"]
[BlackElo "2244"]
[PlyCount "102"]
[EventDate "2011.06.30"]
[EventType "match"]
[EventRounds "2"]
[EventCountry "GRE"]
[SourceTitle "EXT 2012"]
[Source "ChessBase"]
[SourceDate "2011.11.24"]
[SourceVersion "1"]
[SourceVersionDate "2011.11.24"]
[SourceQuality "1"]

1. d4 d5 2. c4 c6 3. e3 Bf5 4. cxd5 cxd5 5. Qb3 Qc7 6. Bd2 e6 7. Nc3 Nc6 8. Rc1 Nf6 9. Nf3 Be7 10. Be2 h6 11. Ne5 0-0 12. f4 Rfc8 13. 0-0 Rab8 14. Qd1 Qd8 15. g4 Bh7 16. g5 Ne4 17. g6 fxg6 18. Nxe4 Nxe5 19. fxe5 dxe4 20. Qb3 Kh8 21. Qxe6 g5 22. Bg4 Rxc1 23. Rxc1 Bg8 24. Qg6 Bh7 25. Qf7 Bg8 26. Qf5 Qd5 27. b3 Rf8 28. Qd7 Qf7 29. Kh1 Qf2 30. Qxe7 Qxd2 31. Qxf8 Qxc1+ 32. Kg2 Qxe3 33. e6 Qd2+ 34. Qf2 e3 35. Qxd2 exd2 36. d5 g6 37. Kf2 h5 38. Be2 Kg7 39. Ke3 Kf6 40. Kxd2 g4 41. Ke3 g5 42. Bc4 a6 43. a4 Ke5 44. a5 Bh7 45. b4 Bg6 46. b5 axb5 47. Bxb5 h4 48. Bc6 g3 49. hxg3 bxc6 50. a6 h3 51. Kf2 h2 1-0